Z ikonografii Hospicjum i kościoła Św. Stanisława w Rzymie
| Titel: | Z ikonografii Hospicjum i kościoła Św. Stanisława w Rzymie / Ryszard Brykowski |
|---|---|
| Verfasser: | |
| In: |
Rocznik historii sztuki, alle Artikel anzeigen |
| Veröffentlicht: | 1984 |
| Umfang: | Ill. |
| Format: | Aufsatz |
| Sprache: | Polnisch | Vorliegende Ausgabe: | Online-Ausg. Heidelberg: Univ.-Bibl., 2012. - Online-Ressource. |
X
alg: 47168122 001A $06055:06-11-20 001B $03025:08-04-25 $t14:41:22.000 001D $06055:06-11-20 001U $0utf8 001X $00 002@ $0Oox 002C $aText $btxt $2rdacontent 002D $aComputermedien $bc $2rdamedia 002E $aOnline-Ressource $bcr $2rdacarrier 003@ $0471681229 004U $0urn:nbn:de:bsz:16-diglit-142657 $SV98 007A $0471681229 $aHEB 007I $0HHB-372928080 007I $0HHB-1442928085 009Q $SV98 $uhttp://digi.ub.uni-heidelberg.de/diglit/rhs1984/0266 $xH 010@ $apol 011@ $a1984 011B $a2012 021A $aZ @ikonografii Hospicjum i kościoła Św. Stanisława w Rzymie $hRyszard Brykowski 028A $#Brykovʹskyj, R. $7128672854 $8Brykowski, Ryszard$Z1931-2017 [Tp1] $9118474405 033N $pHeidelberg $nUniv.-Bibl. 033Q $aOnline-Ressource 034M $aIll. 037A $aEnthalten in: 14(1984), Seite [263]-280 037G $aOnline-Ausg. 039B $aIn $8--Obvc--. Rocznik historii sztuki. - Warszawa : Polska Akademia Nauk, 1956-. - Online-Ressource. - ISSN 2720-2933. - DOI 10.11588/diglit.12451. - urn:nbn:de:bsz:16-diglit-124512 $9290997941 044K $RRom $#San Salvatore in Pensilis Rom $#San Salvatore dei Pensili Rom $#Kościół św. Stanisława Biskupa i Męczennika w Rzymie Rom $#Polski Kościół i dom Św. Stanisława w Rzymie Rom $77678242-6 $8San Stanislao dei Polacchi$gRom [Tg1] $9217077900 045E $c700 045F $a709.438 $eDDC23BSB 045F/01 $a709 045F/03 $g438 045F/03 $g45 045T $a9,10 lok: 47168122 3 exp: 47168122 3 1 #EPN 201B/01 $007-11-20 $t22:20:22.372 201C/01 $007-11-20 201U/01 $0utf8 203@/01 $01128880598 204U/01 $0urn:nbn:de:bsz:16-diglit-142657 $SV98 208@/01 $a07-11-20 $bl lok: 47168122 78 exp: 47168122 78 1 #EPN 201B/01 $008-04-25 $t14:39:44.000 201C/01 $008-04-25 201U/01 $0utf8 203@/01 $01298357705 208@/01 $a08-04-25 $be 209A/01 $a/ $f000 $x00 209A/01 $ab*p $x01 220C/01 $aeja 244Z/01 $#Generalgouvernement Polen $#Polska $#Rzeczpospolita Polska $#Polska Rzeczpospolita Ludowa $#Poland $#Pologne $#République Polonaise $#Generalne Gubernatorstwo w Polsce $#Polish People's Republic $#Polska Rzeczpospolita Polen $#PRL $#RP $#Polen Generalgouvernement $#Polska Generalgouvernement $#Besetzte Polnische Gebiete $#Besetztes Gebiet in Polen $#Okupowane Polskie Obszary $#Obszary Okupowane w Polsce $#Volksrepublik Polen $#Polska Rosyjska $#Republic Polen $#Respublika Pol'ša $#Pol'skaja Narodnaja Respublika $#République de Pologne $#Polen Links der Weichsel $#Polska po Lewej Stronie Wisły $#Lenkija $#Polija $#Gubernija Carstva Pol'skago $#Republik Polen $74046496-9 $8--Tg1--Polen $x01 $9085129801 247C/01 $82080>Marburg/Lahn, Herder-Institut, Forschungsbibliothek, Bibliographieportal $9336309341
| LEADER | 00000caa a22000002c 4500 | ||
|---|---|---|---|
| 001 | 471681229 | ||
| 003 | DE-603 | ||
| 005 | 20250408144122.0 | ||
| 007 | cr|||||||||||| | ||
| 008 | 201106s1984 xx |||| o| u00||u|pol c | ||
| 024 | 7 | |a urn:nbn:de:bsz:16-diglit-142657 |2 urn | |
| 035 | |a (DE-599)HEB471681229 | ||
| 040 | |a DE-603 |b ger |c DE-603 |d DE-603 | ||
| 041 | |a pol | ||
| 082 | 0 | 4 | |8 1\u |a 709.438 |q DE-101 |2 23/BSB |
| 084 | |a 700 |q DE-101 |2 sdnb | ||
| 084 | |a 9,10 |2 ssgn | ||
| 085 | |8 1\u |b 709 | ||
| 085 | |8 1\u |z 2 |s 438 | ||
| 085 | |8 1\u |z 2 |s 45 | ||
| 100 | 1 | |a Brykowski, Ryszard |d 1931-2017 |0 (DE-603)118474405 |0 (DE-588)128672854 |2 gnd | |
| 245 | 0 | 0 | |a Z ikonografii Hospicjum i kościoła Św. Stanisława w Rzymie |c Ryszard Brykowski |
| 264 | 0 | |c 1984 | |
| 300 | |b Ill. | ||
| 336 | |a Text |b txt |2 rdacontent | ||
| 337 | |a Computermedien |b c |2 rdamedia | ||
| 338 | |a Online-Ressource |b cr |2 rdacarrier | ||
| 500 | |a Enthalten in: 14(1984), Seite [263]-280 | ||
| 530 | |a Online-Ausg. | ||
| 533 | |b Heidelberg |c Univ.-Bibl. |d 2012 |e Online-Ressource |7 s2012uuuuxx u| | ||
| 651 | 7 | |a San Stanislao dei Polacchi |g Rom |0 (DE-588)7678242-6 |0 (DE-603)217077900 |2 gnd | |
| 773 | 0 | 8 | |i In |t Rocznik historii sztuki |d Warszawa : Polska Akademia Nauk, 1956- |h Online-Ressource |o 10.11588/diglit.12451 |o urn:nbn:de:bsz:16-diglit-124512 |x 2720-2933 |w (DE-603)290997941 |w (DE-600)2654042-3 |
| 856 | |u http://digi.ub.uni-heidelberg.de/diglit/rhs1984/0266 |x Verlag | ||
| 924 | 1 | |9 603 |a (DE-603)1128880598 |b DE-603 |c HES |d d | |
| 924 | 1 | |9 2080 |a (DE-603)1298357705 |b DE-2080 |c HES |d d |g / | |


